000 00331nam a22001457a 4500
003 SGT
020 _a978-93-325-7541-7
082 _a616.01
_bTOR
100 _aTORTORA, GERARD J.
245 _aMICROBIOLOGY IN INTRODUCTION
260 _aINDIA
_bPEARSON PUB.
_c2018
300 _a975
650 _aMICROBIOLOGY
942 _2ddc
_cBK
999 _c32412
_d32412